Cíle a podmínky efektivního rozvoje československých vnějších ekonomických vztahů

Salvato in:
Dettagli Bibliografici
Autore principale: Hlidek, Jiří
Natura: Libro
Lingua:ceco
Pubblicazione: Praha Svoboda 1981
Tags: Aggiungi Tag
Nessun Tag, puoi essere il primo ad aggiungerne!!

MARC

LEADER 00000nam a2200000 4500
001 c130301
005 20230105083806.2
041 0 |a cze 
044 |a CZ 
245 1 0 |a Cíle a podmínky efektivního rozvoje československých vnějších ekonomických vztahů  |c Jiří Hlídek a kol. 
264 1 |a Praha  |b Svoboda  |c 1981 
300 |a 76 s. 
100 1 |a Hlidek, Jiří